| 000 | 01083nam a2200289 i 4500 | ||
|---|---|---|---|
| 001 | 92003 | ||
| 003 | ES-MaACL | ||
| 005 | 20230906180856.0 | ||
| 007 | t| | ||
| 008 | 050315s1999 sp ||||1| spa d | ||
| 020 | _a84-87591-80-9 | ||
| 080 | _a821.134.2-2"19" | ||
| 080 | _a821.134.2(82)-2"19" | ||
| 100 | 1 |
_aLópez Díaz, Carol. _973608 |
|
| 245 | 1 | 0 |
_aSusie / _cCarol López Díaz. Entre aquí y alla : (lo que dura un paseo) / de Victoria Szpunberg Witt. Blue Mountain : (aromas de los últimos días) / de Itziar Pascual ; presentación de Jaume Melendres. |
| 260 |
_aMadrid : _bAsociación de Directores de Escena de España, _c[1999] |
||
| 300 |
_a210 p. ; _c20 cm. |
||
| 490 | 1 |
_aLiteratura dramática iberoamericana ; _v23 |
|
| 650 | 4 |
_aTeatro español- _yS.XX. _917356 |
|
| 700 | 1 |
_aSzpunberg Witt, Victoria. _9109000 |
|
| 700 | 1 |
_aPascual, Itziar. _989349 |
|
| 740 | 0 | _aEntre aquí y allá. | |
| 740 | 0 | _aBlue Mountain. | |
| 830 | 0 |
_aLiteratura dramática iberoamericana ; _v23 _9183036 |
|
| 852 |
_aES-MaACL _jE-10838 _bR.135640 |
||
| 999 |
_c92003 _d92003 |
||